000 00834nam a2200241 a 4500
001 BRCA_8392
005 20190320210248.0
008 190115c2014----sp-a######---#000-0#spa-#
020 _a9786076053119
020 _a9788494185670
041 _aspa
044 _asp
050 4 _aN6555
_b.P87 2014
245 1 0 _a¡Puro mexicano!
_btres momentos de creación.
260 _aEspaña
_bInstituto Nacional de Bellas Artes y Literatura : El Viso
_c2014
300 _a110 p.
_bil. (algunas a color)
_c28 cm.
500 _aIncluye lista de obra
500 _aCatálogo de la exposición realizada en el Museo Nacional de Arte (Ciudad de México), 13 noviembre, 2014 - 27 febrero, 2015
504 _aBibliografía: p. 96-97
546 _aTexto en: español e inglés
650 1 4 _aArte mexicano
_ySiglo XVI-XXI
_921016
942 _2lcc
_cB
999 _c8060
_d8060